Miasta w województwie mazowieckim - Statystyki

Ogólne statystyki
  • Ten quiz został rozwiązany 5 249 razy
  • Średni wynik to 37 z 86
Statystyki odpowiedzi
Miasto Liczba ludności % Poprawnych
Warszawa 1 729 119
99%
Radom 217 834
91%
Płock 122 572
87%
Pruszków 59 796
80%
Siedlce 76 585
79%
Legionowo 54 246
75%
Ostrołęka 52 792
73%
Piaseczno 45 270
73%
Mińsk Mazowiecki 40 028
70%
Otwock 45 073
69%
Ciechanów 44 673
67%
Wołomin 37 418
66%
Nowy Dwór Mazowiecki 28 361
64%
Grodzisk Mazowiecki 29 988
63%
Marki 29 395
62%
Żyrardów 41 056
62%
Sochaczew 37 333
61%
Płońsk 22 435
60%
Grójec 16 430
59%
Mława 30 893
58%
Ząbki 32 376
57%
Ostrów Mazowiecka 22 770
55%
Wyszków 27 205
54%
Garwolin 17 160
53%
Pułtusk 19 229
53%
Warka 11 780
47%
Góra Kalwaria 11 678
46%
Ożarów Mazowiecki 10 804
46%
Sierpc 18 468
46%
Józefów 20 013
45%
Konstancin-Jeziorna 17 371
45%
Kozienice 18 150
45%
Łomianki 16 632
45%
Piastów 22 862
44%
Przasnysz 17 337
44%
Sulejówek 19 385
43%
Zielonka 17 434
43%
Radzymin 11 572
42%
Sokołów Podlaski 18 730
42%
Maków Mazowiecki 10 098
41%
Białobrzegi 7 122
40%
Gostynin 19 026
40%
Tłuszcz 8 015
40%
Węgrów 12 814
40%
Błonie 12 536
39%
Kobyłka 21 132
39%
Milanówek 16 427
38%
Żuromin 8 988
38%
Brwinów 13 124
37%
Serock 4 140
37%
Mszczonów 6 466
35%
Szydłowiec 12 030
35%
Łosice 7 111
34%
Pionki 19 286
34%
Tarczyn 4 091
34%
Zwoleń 8 072
34%
Nasielsk 7 632
32%
Nowe Miasto nad Pilicą 3 898
32%
Przysucha 6 135
32%
Halinów 3 674
30%
Karczew 10 132
30%
Lipsko 5 769
30%
Iłża 5 010
29%
Łochów 6 793
29%
Podkowa Leśna 3 849
29%
Glinojeck 3 133
27%
Mrozy 3 481
26%
Wyszogród 2 690
26%
Kałuszyn 2 943
25%
Mordy 1 822
25%
Pilawa 4 450
25%
Brok 1 974
24%
Różan 2 743
24%
Drobin 2 978
23%
Zakroczym 3 224
23%
Chorzele 2 945
22%
Myszyniec 3 308
22%
Raciąż 4 629
22%
Wyśmierzyce 908
22%
Gąbin 4 152
21%
Skaryszew 4 295
21%
Żelechów 4 071
21%
Łaskarzew 4 904
19%
Kosów Lacki 2 158
17%
Mogielnica 2 380
17%
Bieżuń 1 910
16%
Nie znaleziono quizów pasujących do podanych kryteriów
Rozkład punktacji
Procent ludzi z każdym wynikiem
Percentyl według liczby udzielonych odpowiedzi
Twoja historia wyników
Nie rozwiązałeś tego quizu